ARRUPE JESUIT UNIVERSITY

CORONAVIRUS -STOP THE SPREAD - CLEAN,DISINFECT,COVER

Philosophical foundations of education (Record no. 12265)

MARC details
000 -LEADER
fixed length control field 00577nam a2200217Ia 4500
003 - CONTROL NUMBER IDENTIFIER
control field 0100
008 - FIXED-LENGTH DATA ELEMENTS--GENERAL INFORMATION
fixed length control field 130303s9999 xx 000 0 und d
020 ## - INTERNATIONAL STANDARD BOOK NUMBER
International Standard Book Number 0675086698
040 ## - CATALOGING SOURCE
Transcribing agency ARRUPELIB
050 ## - LIBRARY OF CONGRESS CALL NUMBER
Classification number LA21 .O95 1981
300 ## - PHYSICAL DESCRIPTION
Other physical details 297p. 25cm.
100 ## - MAIN ENTRY--PERSONAL NAME
Personal name Ozmon, Howard
245 ## - TITLE STATEMENT
Title Philosophical foundations of education
260 ## - PUBLICATION, DISTRIBUTION, ETC. (IMPRINT)
Place of publication, distribution, etc Columbus, Ohio
260 ## - PUBLICATION, DISTRIBUTION, ETC. (IMPRINT)
Name of publisher, distributor, etc Charles E. Merrill
260 ## - PUBLICATION, DISTRIBUTION, ETC. (IMPRINT)
-- 1981
300 ## - PHYSICAL DESCRIPTION
Extent xiii
440 ## - SERIES STATEMENT/ADDED ENTRY--TITLE
Title Merrill coordinated teacher preparation series
700 ## - ADDED ENTRY--PERSONAL NAME
Personal name Howard Ozmon and Craver, Samuel M. (jt. au.)
942 00 - ADDED ENTRY ELEMENTS (KOHA)
Koha issues (borrowed), all copies 7
Holdings
Withdrawn status Lost status Source of classification or shelving scheme Damaged status Not for loan Collection code Home library Current library Shelving location Date acquired Total Checkouts Full call number Barcode Date last seen Date checked out Copy number Price effective from Koha item type
    Library of Congress Classification     Main Collection ARRUPE LIBRARY ARRUPE LIBRARY   04/03/2013 23 LA21 .O95 1981 46003048859 19/04/2024 02/04/2024 1 04/03/2013 Monograph ( Printed materials)
    Library of Congress Classification     Main Collection ARRUPE LIBRARY ARRUPE LIBRARY   04/03/2013 27 LA21 .O95 1981 46003091095 28/05/2021 10/03/2021 2 04/03/2013 Monograph ( Printed materials)

 

Arrupe Library. PO Box MP320 Mt Pleasant, Harare, Zimbabwe
263 242 745411|librarian@aju.ac.zw